000 01719cam a2200301 a 4500
999 _c10360
_d10360
003 OSt
005 20220315162125.0
008 090717s2010 nyua c 001 0 eng
010 _a 2009026707
016 7 _a015462671
_2Uk
020 _a9781568988931 (alk. paper)
020 _a1568988931 (alk. paper)
035 _a(OCoLC)ocn426389746
050 0 0 _aTA403.6
_b.T152 2010
082 0 0 _a620.1/1
_222
245 0 0 _aTransmaterial 3 :
_ba catalog of materials that redefine our physical environment /
_cedited by Blaine Brownell.
246 3 _aTransmaterial three
250 _a1st ed.
260 _aNew York, N.Y. :
_bPrinceton Architectural Press,
_cc2010.
300 _a251 p. :
_bill. (chiefly col.) ;
_c23 cm.
500 _aIncludes indexes.
505 0 _aConcrete -- Mineral -- Metal -- Wood -- Plastic + rubber -- Glass -- Paint + paper -- Fabric -- Light -- Digital.
520 _a"Provides a broad synopsis of the state of technological advances in materials today, with a special emphasis on new developments in the field of biopolymers and various agriculturally derived products; biomimetic products, systems, and processes that seek to emulate natural examples, including low-embodied-energy and biochemically manufactured products; "grown" materials; nanoscale marvels; renewable energy technologies; "second-life" materials derived from repurposed waste; and responsive, interactive, and transformational digital interfaces that harness pervasive communication networks and are powered by low-energy illumination sources."--P. [4] of cover.
650 0 _aMaterials
_xTechnological innovations.
650 0 _aMaterials
_vCatalogs.
700 1 _aBrownell, Blaine Erickson,
_d1970-
942 _2ddc